000 00415cam a2200157ua 4500
003 OSt
008 250108b |||||||| |||| 00| 0 eng d
020 _a81 219 1779 4
041 _aeng
082 _a621.395
_bSUB/OP
100 _aSubir Kumar, Sarkam .
_96892
245 _aOperational amplifiers and their applications /
260 _aNew Delhi :
_bS.Chand and Co ,
_c1999.
300 _a352 ; .
942 _cBK
999 _c9908
_d9908